| 000 | 01456nam a2200397 4500 | ||
|---|---|---|---|
| 003 | CHAP | ||
| 005 | 20240809132218.0 | ||
| 007 | ta | ||
| 008 | 240809s1987 mx ado|frf||| 001 0 spa d | ||
| 020 |
_a968-18-1721-4 _q(edición original) |
||
| 020 |
_a968-18-2473-3 _q(edición completa) |
||
| 020 |
_a968-18-2474-1 _q(vol. 1) |
||
| 020 |
_a968-18-2475-X _q(vol. 2) |
||
| 020 |
_a968-18-2476-8 _q(vol. 3) |
||
| 020 |
_a968-18-2477-6 _q(vol. 4) |
||
| 040 |
_amxchpua _cCHAP _erda |
||
| 041 |
_aspa _heng |
||
| 050 | 1 | 0 |
_aTJ1185 _b.M36 1987 |
| 082 | 0 | 0 |
_220 _a621.802 _bM36 1987 |
| 240 | 1 |
_aMachine tool practices. _lEspañol |
|
| 245 |
_aManual de máquinas herramientas / _cRichard R. Kibbe, John E. Neely, Roland O. Meyer y Warren t. White ; traductor Rafael García Díaz |
||
| 250 | _a1a edición | ||
| 264 |
_aMéxico : _bLimusa, _c1987 |
||
| 300 |
_a4 volumenes : _bilustraciones, gráficas, diagramas, tablas, fotos |
||
| 336 |
_2rdacontent _atexto _btxt |
||
| 337 |
_2rdamedia _asin medio _bn |
||
| 338 |
_2rdacarrier _avolumen _bnc |
||
| 650 | 1 | 3 |
_aMáquinas herramientas _xMantenimiento y reparación _2atg _9186577 |
| 650 | 1 | 3 |
_aPower tools _xMaintenance and repair _2atg _9189401 |
| 700 | 1 |
_aKibbe, Richard R. _963161 _eautor |
|
| 700 | 1 |
_aNeely, John E. _9189402 _eautor |
|
| 700 | 1 |
_aMeyer, Roland O. _9189403 _eautor |
|
| 700 | 1 |
_aWhite, Warren T. _9189404 _eautor |
|
| 700 | 1 |
_aGarcía Díaz, Rafael _9188033 _etraductor |
|
| 942 |
_2ddc _cLIBRO |
||
| 999 |
_c220068 _d220068 |
||